| 000 | 00720cam a2200253 4500 | ||
|---|---|---|---|
| 001 | sa 68014294 | ||
| 003 | DLC | ||
| 005 | 20260227112630.0 | ||
| 008 | 700216s1968 ii b 00000 eng | ||
| 010 | _asa 68014294 | ||
| 025 | _aPL480:I-E-10241 | ||
| 050 | 0 |
_aHD9886.I42 _bA56 |
|
| 082 | _a338.4/7/677210954 | ||
| 110 | 1 | 0 |
_aIndia (Republic). _bStudy Group for Cotton Textiles. |
| 245 | 0 | 0 | _aReport. |
| 260 | 0 |
_aDelhi, _bManager of Publications, _c1968. |
|
| 300 |
_a52 p. _c22 cm. |
||
| 350 |
_a0.50 _a($0.18) |
||
| 500 | _aCover title. | ||
| 504 | _aBibliographical footnotes. | ||
| 504 | _a"Selected bibliography": p. 50-52. | ||
| 650 | 0 |
_aTextile industry _zIndia. |
|
| 650 | 0 |
_aCotton manufacture _zIndia. |
|
| 999 |
_c85669 _d85669 |
||